000
00223nam a22000857a 4500
008
161104b xxu||||| |||| 00| 0 eng d
100
_9
1032
_a
Chatusvedi. s
245
_a
India and world cricket
260
_a
New Delhi
_b
N. B. T
_c
2008
999
_c
3689
_d
3689